[Event "Glorney 2019"]
[Site "?"]
[Date "2019.07.17"]
[Round "1.1"]
[White "Pham, Arthur"]
[Black "Sanger, Jake M"]
[Result "1/2-1/2"]
[WhiteElo "2109"]
[BlackElo "1867"]
[PlyCount "132"]
[EventDate "2019.??.??"]

1. e4 e6 2. d4 d5 3. e5 c5 4. c3 Nc6 5. Nf3 Bd7 6. Bd3 cxd4 7. cxd4 Qb6 8. O-O
Nxd4 9. Nxd4 Qxd4 10. Nc3 a6 11. Qe2 Ne7 12. Kh1 Nc6 13. f4 Nb4 14. Rd1 Nxd3
15. Rxd3 Qb6 16. f5 Bb5 17. Nxb5 Qxb5 18. fxe6 fxe6 19. Qh5+ g6 20. Qh3 Qd7 21.
Rf3 Bg7 22. Bg5 h6 23. Raf1 Bxe5 24. Qxh6 Qg7 25. Qxg7 Bxg7 26. Rf7 Bf8 27.
Rxb7 Bd6 28. Rf6 O-O-O 29. Rbf7 Bxh2 30. Rxg6 Rd7 31. Rxd7 Kxd7 32. Rh6 Rxh6
33. Bxh6 Bg3 34. Kg1 d4 35. Kf1 d3 36. Bd2 e5 37. Be1 Bf4 38. Bh4 Bd2 39. Kf2
e4 40. g4 e3+ 41. Kf3 e2 42. Ke4 Bg5 43. Kxd3 Bxh4 44. Kxe2 Bf6 45. b4 Bc3 46.
a3 Bb2 47. a4 Kd6 48. Ke3 Bc3 49. b5 a5 50. Ke4 Ke6 51. g5 Bb2 52. Kf4 Bc1+ 53.
Kg4 Be3 54. Kh5 Kf7 55. Kh6 Kf8 56. Kg6 Kg8 57. Kf6 Kf8 58. g6 Bb6 59. Ke6 Kg7
60. Kd6 Kxg6 61. Kc6 Bd4 62. b6 Kf6 63. Kb5 Ke6 64. Kxa5 Kd7 65. Ka6 Kc8 66.
Ka7 Bxb6+ 1/2-1/2

[Event "Glorney 2019"]
[Site "?"]
[Date "2019.07.17"]
[Round "1.2"]
[White "D'Alessio, Marco"]
[Black "Lary, Damien"]
[Result "0-1"]
[WhiteElo "1717"]
[BlackElo "2071"]
[PlyCount "110"]
[EventDate "2019.??.??"]

1. d4 d5 2. c4 e6 3. Nc3 c6 4. Nf3 dxc4 5. a4 Bb4 6. e4 b5 7. axb5 cxb5 8. Bg5
Qb6 9. Be2 Bb7 10. Qc2 Nd7 11. O-O Ngf6 12. b3 Bxc3 13. Qxc3 Nxe4 14. Qb4 Nxg5
15. Nxg5 a5 16. Qc3 cxb3 17. d5 e5 18. Qxb3 O-O 19. Nxh7 Kxh7 20. Qh3+ Kg8 21.
Qxd7 b4 22. Rfd1 Rad8 23. Qa4 Rxd5 24. Rxd5 Bxd5 25. Qxa5 Qb7 26. Ba6 Qc6 27.
Qxb4 Ra8 28. Qa4 Qxa4 29. Rxa4 Bb3 30. Ra5 Bc4 31. Bxc4 Rxa5 32. g4 e4 33. Kg2
Rc5 34. Ba6 Rc2 35. Kg3 g5 36. Bb7 Re2 37. Ba6 Rb2 38. Bc8 Kg7 39. Bf5 Rb3+ 40.
Kg2 Rb4 41. h4 gxh4 42. Kh3 Kf6 43. Kxh4 Ke5 44. Kg3 Rb3+ 45. Kg2 Kf4 46. Bd7
Rb2 47. Kg1 Kf3 48. Bc6 Rxf2 49. Bxe4+ Kxe4 50. Kxf2 Kf4 51. Kf1 Kxg4 52. Ke2
Kg3 53. Ke1 f5 54. Ke2 f4 55. Ke1 Kg2 0-1

[Event "Glorney 2019"]
[Site "?"]
[Date "2019.07.17"]
[Round "1.3"]
[White "Weisman, Nathan"]
[Black "Volland, Ben"]
[Result "1-0"]
[WhiteElo "2071"]
[BlackElo "1806"]
[Annotator "Harding,Tim"]
[PlyCount "121"]
[EventDate "2019.??.??"]

1. e4 e5 2. Nf3 Nc6 3. d4 exd4 4. Nxd4 Bc5 5. Nb3 Bb6 6. Nc3 d6 7. Qe2 Nge7 8.
Be3 Bxe3 9. Qxe3 Be6 10. O-O-O Bxb3 11. axb3 Qd7 12. f4 O-O-O 13. Bc4 Ng6 14.
Rhe1 Rhe8 15. Qf2 a6 16. g3 Kb8 17. e5 Qf5 18. exd6 Rxe1 19. dxc7+ Kxc7 20.
Rxe1 Qa5 21. Kb1 Rd7 22. Rd1 Rxd1+ 23. Nxd1 f6 24. Nc3 Qh5 25. Nd5+ Kb8 26. Qb6
Qd1+ 27. Ka2 Qd4 28. Qc7+ Ka7 29. Qxg7 Qd2 30. c3 Qxh2 31. Qc7 Qf2 32. b4 Qc2
33. Bb3 Qd3 34. Qxh7 Qxg3 35. Ba4 Qd3 36. Bxc6 Qc4+ 37. Ka3 Qxc6 38. Qxg6 Qxd5
39. Qxf6 b6 40. f5 a5 41. Qe7+ Ka6 42. Qe2+ Kb7 43. f6 axb4+ 44. cxb4 Qf5 45.
Qe7+ Ka6 46. f7 Qd3+ 47. Ka2 Qc4+ 48. Kb1 Qf1+ 49. Kc2 Qc4+ 50. Kd1 Qd3+ 51.
Ke1 Qg3+ 52. Kd2 Qf4+ 53. Kd3 Qf1+ 54. Kd4 Qf4+ 55. Kd5 Qf5+ 56. Kd6 Qd3+ 57.
Kc7 Qc4+ 58. Kb8 Qf4+ 59. Qc7 Qf6 60. Qc4+ b5 61. Qc8+ {NB: In file received
from live boards Black was named as Dawson, Euan but that was not his opponent.
Scoresheets and chess-results.com show Black was Volland, Ben.} 1-0

[Event "Glorney 2019"]
[Site "?"]
[Date "2019.07.17"]
[Round "1.4"]
[White "Dawson, Euan"]
[Black "Mahieu, Luc"]
[Result "1/2-1/2"]
[WhiteElo "1846"]
[BlackElo "2049"]
[Annotator "Harding,Tim"]
[PlyCount "103"]
[EventDate "2019.??.??"]

1. e4 {NB: In file received from live boards White was named as Volland, Ben
but that he was on board 3. Scoresheets and chess-results.com show White was
Dawson, Euan.} c5 2. Nc3 d6 3. g3 g6 4. Bg2 Bg7 5. d3 Nf6 6. Nge2 O-O 7. O-O
Nc6 8. h3 Rb8 9. Be3 b5 10. Qc1 b4 11. Nd1 Bb7 12. Bh6 Nd4 13. Nxd4 cxd4 14.
Bxg7 Kxg7 15. c4 a5 16. f4 Nd7 17. g4 Qb6 18. Nf2 Rbc8 19. Qd2 Rc7 20. g5 f5
21. exf5 Bxg2 22. Kxg2 Qc6+ 23. Kh2 gxf5 24. Qe2 e5 25. Qh5 d5 26. cxd5 Qg6 27.
Qxg6+ hxg6 28. Rac1 Rfc8 29. Rxc7 Rxc7 30. fxe5 Nxe5 31. Kg3 Rd7 32. Re1 Rxd5
33. Kf4 Nf7 34. h4 Rc5 35. Re2 a4 36. Nh3 Rc1 37. h5 gxh5 38. Kxf5 Rc5+ 39. Kf4
b3 40. axb3 axb3 41. Rg2 Rc2 42. Rf2 Kg6 43. Kg3 Nxg5 44. Nf4+ Kh6 45. Rxc2
bxc2 46. Ne2 Ne6 47. b4 Kg5 48. b5 Nc5 49. b6 Kf5 50. Nxd4+ Ke5 51. Nxc2 Kd6
52. Kh4 {Game ended here; agreed drawn} 1/2-1/2

[Event "Glorney 2019"]
[Site "?"]
[Date "2019.07.17"]
[Round "1.5"]
[White "Rachid, Alexandre"]
[Black "Mckay, Jonathan"]
[Result "1-0"]
[WhiteElo "2007"]
[BlackElo "1550"]
[PlyCount "161"]
[EventDate "2019.??.??"]

1. e4 e5 2. Nf3 Nf6 3. Nxe5 d6 4. Nf3 Nxe4 5. d4 d5 6. Bd3 Nc6 7. Qe2 Bf5 8.
O-O Be7 9. Re1 O-O 10. c3 Re8 11. Be3 Qd7 12. Ne5 Nxe5 13. dxe5 Nc5 14. Bxf5
Qxf5 15. Bxc5 Bxc5 16. Nd2 f6 17. e6 Re7 18. Nb3 Bb6 19. Nd4 Bxd4 20. cxd4 Rae8
21. Qb5 c6 22. Qb4 Rxe6 23. Rxe6 Qxe6 24. h3 b6 25. Rc1 Kf7 26. Qa4 Qd7 27.
Qxc6 Qxc6 28. Rxc6 Re1+ 29. Kh2 Rd1 30. Rc7+ Kg6 31. Rxa7 Rxd4 32. Rb7 Rb4 33.
b3 f5 34. Kg3 Kf6 35. Kf3 h5 36. Ke3 g5 37. Kd3 g4 38. hxg4 fxg4 39. g3 Kg5 40.
Rd7 Rb5 41. Kd4 h4 42. gxh4+ Kxh4 43. Rxd5 Rb4+ 44. Ke3 Kh3 45. Rd4 Rb5 46. b4
Re5+ 47. Re4 Rf5 48. Rf4 Re5+ 49. Kd4 Re2 50. a4 Ra2 51. Ke5 Rxa4 52. Kf5 Ra2
53. Rxg4 Rxf2+ 54. Rf4 Rc2 55. Ke5 Kg3 56. Rf6 b5 57. Rb6 Rh2 58. Kd6 Rh6+ 59.
Kc5 Rh5+ 60. Kc6 Kf4 61. Rxb5 Rh6+ 62. Kd5 Rh5+ 63. Kc4 Rh1 64. Rd5 Ke4 65. Rd8
Rc1+ 66. Kb5 Rb1 67. Ka5 Ke5 68. b5 Ra1+ 69. Kb6 Rb1 70. Kc6 Rc1+ 71. Kb7 Rb1
72. b6 Rb2 73. Ka7 Ra2+ 74. Kb8 Rb2 75. b7 Ke6 76. Rd1 Rb3 77. Kc8 Rc3+ 78. Kd8
Rb3 79. Rd7 Rb2 80. Kc8 Rc2+ 81. Rc7 1-0

[Event "Glorney 2019"]
[Site "?"]
[Date "2019.07.17"]
[Round "1.6"]
[White "Guha, Chirag"]
[Black "Baselmans, Luuk"]
[Result "0-1"]
[WhiteElo "1885"]
[BlackElo "2212"]
[PlyCount "114"]
[EventDate "2019.??.??"]

1. d4 Nf6 2. c4 e6 3. g3 Bb4+ 4. Bd2 a5 5. Bg2 d6 6. Nf3 Nc6 7. O-O Bxd2 8.
Nbxd2 O-O 9. e4 e5 10. d5 Ne7 11. h3 Nd7 12. Qe2 Nc5 13. Ne1 f5 14. Nd3 b6 15.
Kh2 Qe8 16. b3 Qg6 17. Nxc5 bxc5 18. f4 Qf6 19. Rab1 Bd7 20. exf5 exf4 21. Rxf4
Nxf5 22. Rbf1 Rae8 23. Qf2 Qd8 24. Be4 g6 25. g4 Nh6 26. Qe3 Nf7 27. Rf6 Ne5
28. g5 Qe7 29. Qf4 Rf7 30. Nf3 Ref8 31. Nxe5 Qxe5 32. Qxe5 dxe5 33. d6 Rxf6 34.
gxf6 c6 35. h4 Kf7 36. h5 Re8 37. hxg6+ hxg6 38. Kg3 Rh8 39. Bg2 Bf5 40. Bxc6
Rh3+ 41. Kg2 Rd3 42. Bd5+ Kxf6 43. Rh1 Rxd5 44. cxd5 Be4+ 45. Kg1 Bxh1 46. Kxh1
Kf7 47. Kg2 Ke8 48. Kf3 Kd7 49. Ke4 Kxd6 50. a3 g5 51. a4 g4 52. Ke3 Kxd5 53.
Kf2 e4 54. Kg3 e3 55. Kg2 Ke4 56. Kf1 g3 57. Kg2 e2 0-1

[Event "Glorney 2019"]
[Site "?"]
[Date "2019.07.17"]
[Round "1.7"]
[White "Hilwerda, Jonas"]
[Black "Camp, Imogen A L"]
[Result "1-0"]
[WhiteElo "2275"]
[BlackElo "1850"]
[PlyCount "39"]
[EventDate "2019.??.??"]

1. e4 e5 2. Nf3 Nc6 3. d4 exd4 4. Nxd4 Bc5 5. Be3 Bb6 6. Nf5 Bxe3 7. Nxe3 d6 8.
Nc3 Nf6 9. Qd2 Be6 10. O-O-O Qd7 11. f4 g6 12. Ned5 Nh5 13. Be2 O-O-O 14. Nb5
Bxd5 15. exd5 Ne7 16. Nxa7+ Kb8 17. Nb5 Nf6 18. Qd4 Qf5 19. Bd3 Qxd5 20. Qxf6
1-0

[Event "Glorney 2019"]
[Site "?"]
[Date "2019.07.17"]
[Round "1.8"]
[White "Fowler, Hugo"]
[Black "Kokje, Joris"]
[Result "0-1"]
[WhiteElo "1794"]
[BlackElo "2207"]
[PlyCount "106"]
[EventDate "2019.??.??"]

1. e4 c5 2. c3 Nf6 3. e5 Nd5 4. d4 cxd4 5. Nf3 Nc6 6. Bc4 Nb6 7. Bb3 d5 8. exd6
Qxd6 9. O-O Bf5 10. cxd4 e6 11. Nc3 Be7 12. d5 Nxd5 13. Nxd5 exd5 14. Qxd5 Qxd5
15. Bxd5 Nb4 16. Bb3 O-O 17. Be3 Nc2 18. Bxc2 Bxc2 19. Rac1 Rfc8 20. Rfe1 Kf8
21. Bd4 f6 22. Bc3 Bg6 23. Nd4 Kf7 24. Re2 a6 25. Rce1 Bd6 26. g4 Rc4 27. h4 h5
28. g5 Be5 29. Nf3 Rg4+ 30. Kh1 Bxc3 31. bxc3 Rc8 32. Re7+ Kf8 33. gxf6 gxf6
34. Rxb7 Be4 35. Rxe4 Rxe4 36. Rb4 Re2 37. Kg2 Rxc3 38. Ra4 Rcc2 39. Rxa6 Rxf2+
40. Kg3 Kf7 41. a4 Rg2+ 42. Kf4 Rg4+ 43. Ke3 Rc3+ 44. Ke2 Rg2+ 45. Kf1 Ra2 46.
Ra7+ Kg6 47. Ne1 Rc1 48. a5 Raa1 49. Re7 Rxa5 50. Kf2 Rc3 51. Ng2 Ra2+ 52. Kf1
Rf3+ 53. Kg1 Rg3 0-1

[Event "Glorney 2019"]
[Site "?"]
[Date "2019.07.17"]
[Round "1.9"]
[White "Gijsen, William"]
[Black "Rathbone-Jones, Ifan"]
[Result "1-0"]
[WhiteElo "2005"]
[BlackElo "1855"]
[PlyCount "83"]
[EventDate "2019.??.??"]

1. e4 e6 2. d4 d5 3. Nc3 h6 4. Nf3 Nf6 5. e5 Nfd7 6. Bd3 c5 7. dxc5 Bxc5 8. O-O
a6 9. Re1 Nc6 10. g4 b5 11. a3 Qb6 12. Qe2 Bb7 13. a4 b4 14. Nd1 g5 15. b3
Ndxe5 16. Nxe5 Nxe5 17. a5 Qa7 18. Bb2 Nxd3 19. Qxd3 Rg8 20. Ne3 O-O-O 21. Bf6
Rd7 22. Qh7 Rg6 23. Be5 d4 24. Nc4 Bf3 25. Ra4 d3 26. Rxb4 Bxb4 27. Nb6+ Kb7
28. Qh8 Kc6 29. Qc8+ Rc7 30. Qe8+ Rd7 31. Qc8+ Kb5 32. Qc4+ Kxa5 33. Nxd7 Qxd7
34. Ra1+ Kb6 35. Qxa6+ Kc5 36. Qc4+ Kb6 37. Qxb4+ Qb5 38. Qd4+ Kb7 39. Qa7+ Kc6
40. Ra6+ Qxa6 41. Qxa6+ Kd5 42. Qxd3+ 1-0

[Event "Glorney 2019"]
[Site "?"]
[Date "2019.07.17"]
[Round "1.10"]
[White "Mcintosh, David"]
[Black "Klein, Jorik"]
[Result "0-1"]
[WhiteElo "1601"]
[BlackElo "1801"]
[PlyCount "138"]
[EventDate "2019.??.??"]

1. d4 Nf6 2. c4 g6 3. Nc3 Bg7 4. e4 d6 5. Nf3 O-O 6. Be2 e5 7. O-O Nc6 8. d5
Ne7 9. b4 a5 10. Ba3 Re8 11. c5 axb4 12. Bxb4 dxc5 13. Bxc5 c6 14. dxc6 Nxc6
15. Qxd8 Rxd8 16. Bb6 Rf8 17. Bc4 Na5 18. Bb5 Bd7 19. Rab1 Bxb5 20. Rxb5 Nc6
21. Bc7 Ra3 22. Rc1 Nd4 23. Nxd4 exd4 24. Nd5 Nxe4 25. f3 Nc3 26. Nxc3 Rxc3 27.
Rxc3 dxc3 28. Be5 c2 29. Bf4 Rc8 30. Bc1 Rd8 31. Bf4 Rd1+ 32. Kf2 c1=Q 33. Bxc1
Rxc1 34. Rxb7 Rc2+ 35. Kg3 Rxa2 36. Rb8+ Bf8 37. Rb7 Bd6+ 38. Kh3 Ra5 39. g3
Ra2 40. Rb3 Bc5 41. Rb1 Rf2 42. f4 h5 43. Rh1 Be7 44. Re1 Bf6 45. Re4 Kg7 46.
Rc4 Be7 47. Ra4 f6 48. Rc4 Kf7 49. Re4 Bd6 50. Rd4 Ke6 51. Re4+ Kf5 52. Rd4
Bxf4 53. gxf4 Rxf4 54. Rd5+ Ke4 55. Ra5 Rf2 56. Ra4+ Kf5 57. Kg3 Re2 58. Ra5+
Re5 59. Ra3 g5 60. h3 h4+ 61. Kf2 Re4 62. Kg2 Kf4 63. Rf3+ Ke5 64. Rb3 f5 65.
Kf3 g4+ 66. hxg4 fxg4+ 67. Kg2 Kf4 68. Rc3 Re2+ 69. Kf1 Re3 0-1

[Event "Glorney 2019"]
[Site "?"]
[Date "2019.07.17"]
[Round "1.11"]
[White "Melaugh, Shane"]
[Black "Brozel, Sacha"]
[Result "1/2-1/2"]
[WhiteElo "2126"]
[BlackElo "2199"]
[PlyCount "134"]
[EventDate "2019.??.??"]

1. c4 e6 2. Nc3 Bb4 3. e4 Bxc3 4. dxc3 d6 5. Be3 Nd7 6. f3 Ne7 7. Qd2 b6 8.
O-O-O Bb7 9. Ne2 e5 10. g4 h5 11. gxh5 f5 12. h6 g6 13. Bg5 Nc5 14. exf5 gxf5
15. Bh3 Bxf3 16. Bxf5 Ne4 17. Bxe4 Bxe4 18. Rhf1 Qd7 19. Ng3 Bg6 20. Qg2 Qc6
21. Qxc6+ Nxc6 22. h4 Nd8 23. Rf6 Bh7 24. Kd2 Bg8 25. b3 Ne6 26. Nf5 Kd7 27.
Ng7 Rh7 28. Nxe6 Bxe6 29. Rdf1 Rg8 30. Ke3 a5 31. a4 Re8 32. Rg6 Rg8 33. h5
Rgh8 34. Bf6 Rf8 35. Rg7+ Rf7 36. Rxh7 Rxh7 37. Bg7 Bg4 38. Rf7+ Kc6 39. b4
Bxh5 40. b5+ Kb7 41. Rf1 Bg6 42. Rf2 Kc8 43. Kf3 Bd3 44. Kg4 Kd7 45. Rf7+ Kc8
46. Kg5 Bxc4 47. Rf3 Bd5 48. Re3 Bb3 49. Re2 Bc4 50. Rd2 e4 51. Rd4 d5 52. Rxc4
dxc4 53. Kf4 c6 54. Kxe4 cxb5 55. axb5 a4 56. Bf8 a3 57. Bxa3 Rxh6 58. Kd5 Rh4
59. Bc1 Kd7 60. Be3 Kc7 61. Bd4 Rh5+ 62. Kxc4 Rg5 63. Kb4 Rg4 64. Kc4 Rh4 65.
Kd5 Rh1 66. Be5+ Kb7 67. Bd4 Rb1 1/2-1/2

[Event "Glorney 2019"]
[Site "?"]
[Date "2019.07.17"]
[Round "1.12"]
[White "Verma, Aditya"]
[Black "Carroll, Peter"]
[Result "1-0"]
[WhiteElo "2119"]
[BlackElo "2032"]
[PlyCount "101"]
[EventDate "2019.??.??"]

1. e4 c5 2. Nf3 d6 3. d4 cxd4 4. Nxd4 Nf6 5. Nc3 a6 6. h3 e6 7. g4 d5 8. exd5
Nxd5 9. Bg2 Nxc3 10. bxc3 Qc7 11. Bd2 Be7 12. Qe2 Nd7 13. O-O Nc5 14. Rae1 O-O
15. f4 Rb8 16. Kh1 Bd6 17. Qe3 b5 18. f5 e5 19. Nc6 Rb6 20. Nb4 Bb7 21. Nd5
Bxd5 22. Bxd5 Nd7 23. g5 Bc5 24. Qf3 Rd6 25. g6 hxg6 26. fxg6 Rxg6 27. Bxf7+
Rxf7 28. Qxf7+ Kh7 29. Re4 Qc6 30. Qf3 Kg8 31. Rg4 Qxf3+ 32. Rxf3 Rxg4 33. hxg4
Nf6 34. g5 Ne4 35. Be3 Be7 36. g6 Bf6 37. Bc1 Nc5 38. Kg2 e4 39. Rf5 Ne6 40.
Bd2 Kf8 41. c4 Nd4 42. Rc5 Nf3 43. Bb4 Nh4+ 44. Kf1 Nxg6 45. cxb5 axb5 46.
Rxb5+ Kf7 47. a4 e3 48. Bc5 Bg5 49. Ke2 Nf4+ 50. Kxe3 Nd5+ 51. Kf3 1-0

[Event "Glorney 2019"]
[Site "?"]
[Date "2019.07.17"]
[Round "1.13"]
[White "Melaugh, Gavin"]
[Black "Pollack, Oscar"]
[Result "0-1"]
[WhiteElo "2153"]
[BlackElo "2088"]
[PlyCount "74"]
[EventDate "2019.??.??"]

1. c4 e5 2. Nc3 Nc6 3. Nf3 f5 4. d4 e4 5. Ng5 Nf6 6. g3 Bb4 7. Bg2 O-O 8. O-O
h6 9. Nh3 Bxc3 10. bxc3 b6 11. f3 Ba6 12. Ba3 Re8 13. c5 Na5 14. fxe4 fxe4 15.
Nf4 Nc4 16. Qa4 Qc8 17. c6 dxc6 18. Bh3 Bb5 19. Bxc8 Bxa4 20. Be6+ Rxe6 21.
Nxe6 Nxa3 22. Nxc7 Rc8 23. Ne6 Bb5 24. Nf4 Nd5 25. Nxd5 cxd5 26. Rf5 Nc2 27.
Rb1 Bc4 28. Rb2 Ne3 29. Rf4 g5 30. Rf6 Kg7 31. Rd6 Rf8 32. Rd7+ Kg6 33. Rb1
Bxa2 34. Ra1 Bb3 35. h3 a5 36. Rd6+ Rf6 37. Rd8 a4 0-1

[Event "Glorney 2019"]
[Site "?"]
[Date "2019.07.17"]
[Round "1.14"]
[White "Carroll, Thomas"]
[Black "Flynn, Jacob"]
[Result "1/2-1/2"]
[WhiteElo "2042"]
[BlackElo "1994"]
[PlyCount "170"]
[EventDate "2019.??.??"]

1. d4 Nf6 2. Bg5 d5 3. Nd2 c5 4. e3 Nc6 5. Ngf3 Qb6 6. dxc5 Qxb2 7. Be2 Qc3 8.
O-O Qxc5 9. c4 e6 10. Rc1 Be7 11. cxd5 Qxd5 12. Bc4 Qa5 13. Bxf6 gxf6 14. Ne4
O-O 15. Qe2 Ne5 16. Nxe5 Qxe5 17. Bd3 f5 18. f4 Qg7 19. Ng3 Rd8 20. Rf3 Kh8 21.
e4 Bd7 22. Kh1 Bc6 23. Rff1 Qh6 24. exf5 Rg8 25. Kg1 Bd8 26. Rxc6 bxc6 27. Ne4
exf5 28. Nd2 Bb6+ 29. Kh1 Rge8 30. Qd1 Qf6 31. Nf3 Rad8 32. Qb1 Rd5 33. Ne5 Bc7
34. Bc4 Rdxe5 35. fxe5 Qxe5 36. Qa1 Qxa1 37. Rxa1 Kg7 38. Rf1 Re5 39. g3 Bb6
40. Kg2 Rc5 41. Bd3 Rd5 42. Rd1 c5 43. Be2 Re5 44. Bc4 Re4 45. Rc1 Rd4 46. Rc2
f4 47. Kf3 fxg3 48. hxg3 h5 49. Kg2 Rg4 50. Be2 Rg5 51. Kh3 f6 52. Rd2 Re5 53.
Bc4 Re7 54. Be2 Kg6 55. Bd3+ Kg5 56. Bc4 Re3 57. Rd3 Rxd3 58. Bxd3 Bc7 59. Kg2
Be5 60. Bc4 f5 61. Kf3 h4 62. gxh4+ Kxh4 63. Bd3 Kg5 64. Ke3 Bd4+ 65. Kf3 f4
66. Bc4 Kf5 67. Bd3+ Ke5 68. Bc4 Be3 69. Ke2 Kd4 70. Bf7 Kc3 71. Be6 a5 72. Bf7
a4 73. Be8 a3 74. Bf7 Kd4 75. Bg8 c4 76. Bf7 c3 77. Bg6 Bd2 78. Bc2 Ke5 79. Kf3
Bc1 80. Bh7 Kf6 81. Kg4 Bd2 82. Bc2 Ke5 83. Kf3 Kf6 84. Kg4 Ke5 85. Kf3 Kf6
1/2-1/2

[Event "Glorney 2019"]
[Site "?"]
[Date "2019.07.17"]
[Round "1.15"]
[White "Scallan, Fiachra"]
[Black "Turner, Max N"]
[Result "0-1"]
[WhiteElo "1873"]
[BlackElo "2026"]
[PlyCount "96"]
[EventDate "2019.??.??"]

1. e4 c5 2. Nf3 e6 3. c3 Nf6 4. Bd3 d5 5. e5 Nfd7 6. Bc2 c4 7. O-O Nc6 8. Re1
g5 9. d4 cxd3 10. Qxd3 h6 11. Ba4 Nc5 12. Bxc6+ bxc6 13. Qc2 Ba6 14. Na3 Bd3
15. Qd2 Bg6 16. Nc2 Nd3 17. Re3 Nxc1 18. Rxc1 c5 19. b4 g4 20. Nfe1 h5 21. Nd3
d4 22. cxd4 cxd4 23. Ree1 Bh6 24. Qe2 Bxc1 25. Rxc1 Rc8 26. Nce1 Rxc1 27. Nxc1
O-O 28. Ncd3 Qg5 29. g3 Rc8 30. Nc5 Qc1 31. Kg2 Qc3 32. Ned3 Bxd3 33. Nxd3 Qc6+
34. Kg1 Qf3 35. Qd2 Qf5 36. Nc5 Rd8 37. Ne4 Kg7 38. Nc5 Qxe5 39. Nd3 Qf5 40.
Nf4 e5 41. Ng2 Qb1+ 42. Ne1 f6 43. Kg2 Qe4+ 44. Kg1 d3 45. Ng2 Qe2 46. Qc3 Qd1+
47. Ne1 d2 48. Qc7+ Kg6 0-1

[Event "Glorney 2019"]
[Site "?"]
[Date "2019.07.22"]
[Round "2.1"]
[White "Sanger, Jake M"]
[Black "Brozel, Sacha"]
[Result "1-0"]
[WhiteElo "1867"]
[BlackElo "2199"]
[PlyCount "103"]
[EventDate "2019.??.??"]

1. d4 Nf6 2. Nf3 e6 3. Bf4 b6 4. e3 Bb7 5. Nbd2 c5 6. c3 Be7 7. Bd3 Nh5 8. Bg3
cxd4 9. exd4 d6 10. Qe2 Nd7 11. Ne4 Nxg3 12. hxg3 a6 13. g4 Nf6 14. Nfg5 Nxe4
15. Nxe4 g6 16. O-O-O b5 17. f4 Bxe4 18. Bxe4 d5 19. Bc2 b4 20. cxb4 Qd6 21. f5
Bg5+ 22. Kb1 O-O 23. Rh3 Rab8 24. a3 Kg7 25. Qe5+ Qxe5 26. dxe5 Rfc8 27. Bd3
Rc6 28. Rf1 Rbc8 29. Rhf3 R8c7 30. b5 axb5 31. Bxb5 Rc1+ 32. Rxc1 Rxc1+ 33. Ka2
d4 34. fxe6 fxe6 35. Bd7 Re1 36. Bxe6 Rxe5 37. Bc4 Re4 38. a4 d3 39. Bb3 d2 40.
Rf7+ Kh6 41. Rd7 Be3 42. Bd1 Rc4 43. Rd3 Bg5 44. Kb3 Rc1 45. Bf3 Kg7 46. Kb4
Rc2 47. b3 Kf6 48. a5 Ke6 49. a6 Ra2 50. Kb5 Bh4 51. b4 Ke7 52. Bd5 1-0

[Event "Glorney 2019"]
[Site "?"]
[Date "2019.07.22"]
[Round "2.2"]
[White "Verma, Aditya"]
[Black "D'Alessio, Marco"]
[Result "1-0"]
[WhiteElo "2119"]
[BlackElo "1717"]
[PlyCount "105"]
[EventDate "2019.??.??"]

1. e4 e5 2. Nf3 Nc6 3. Bb5 a6 4. Ba4 Nf6 5. d3 b5 6. Bb3 Be7 7. O-O O-O 8. h3
d6 9. c3 Nb8 10. Nbd2 Bb7 11. Re1 Nbd7 12. Nf1 Nc5 13. Ng3 Nxb3 14. axb3 Re8
15. Nh2 d5 16. Qe2 Bc5 17. Bg5 h6 18. Bxf6 Qxf6 19. Nf5 dxe4 20. dxe4 Qe6 21.
Qc2 Rad8 22. Rad1 Kh7 23. b4 Bf8 24. Nf3 g6 25. Ne3 c5 26. bxc5 Bxc5 27. Ng4
Rxd1 28. Rxd1 Bd6 29. Qd2 Bf8 30. Qd7 Bc6 31. Qxe6 Rxe6 32. Nfxe5 h5 33. Nxc6
Rxc6 34. Ne5 Rc7 35. Rd7 Rxd7 36. Nxd7 Bh6 37. b4 Bd2 38. Nf6+ Kg7 39. Nd5 Bg5
40. Kf1 Bd8 41. Ke2 f6 42. Kd3 Kf7 43. Kd4 Ke6 44. Nf4+ Kd6 45. Nd5 g5 46. g3
h4 47. gxh4 gxh4 48. f4 Ke6 49. Kc5 Kd7 50. f5 a5 51. bxa5 Bxa5 52. Nxf6+ Kd8
53. Nd5 1-0

[Event "Glorney 2019"]
[Site "?"]
[Date "2019.07.22"]
[Round "2.3"]
[White "Volland, Ben"]
[Black "Pollack, Oscar"]
[Result "0-1"]
[WhiteElo "1846"]
[BlackElo "2088"]
[PlyCount "122"]
[EventDate "2019.??.??"]

1. c4 g6 2. g3 Bg7 3. Bg2 e5 4. Nc3 Nc6 5. d3 f5 6. e3 Nf6 7. Nge2 O-O 8. O-O
d6 9. Rb1 a5 10. a3 Be6 11. Nd5 Rb8 12. Nec3 Ne7 13. Qa4 c6 14. Nxe7+ Qxe7 15.
Qxa5 e4 16. Qb4 exd3 17. Rd1 Ng4 18. f4 c5 19. Qb3 Qf7 20. Bd5 d2 21. Bxd2 Nf6
22. a4 Bxd5 23. Nxd5 Nxd5 24. cxd5 Rfe8 25. Kf2 Re4 26. Bc3 Rbe8 27. Re1 R8e7
28. a5 Qe8 29. Bxg7 Kxg7 30. Qc3+ Kg8 31. b4 Qa4 32. bxc5 Rc4 33. Ra1 Qb5 34.
Qf6 Rc2+ 35. Kf3 Re8 36. Rac1 Qxa5 37. Rxc2 Qxe1 38. Qc3 Qh1+ 39. Rg2 Qd1+ 40.
Kf2 Qxd5 41. cxd6 Ra8 42. Kf1 Qd1+ 43. Qe1 Qf3+ 44. Rf2 Qh1+ 45. Ke2 Ra2+ 46.
Kd3 Qxe1 47. Rxa2 Qb4 48. Ra8+ Kf7 49. Rd8 Qb5+ 50. Kc2 Ke6 51. d7 Qc6+ 52. Kd1
Qc7 53. Re8+ Kxd7 54. Rh8 Ke6 55. Re8+ Kd5 56. Re5+ Kc4 57. e4 Kd3 58. exf5
Qc2+ 59. Ke1 gxf5 60. Rd5+ Ke3 61. Re5+ Kf3 0-1

[Event "Glorney 2019"]
[Site "?"]
[Date "2019.07.22"]
[Round "2.4"]
[White "Carroll, Thomas"]
[Black "Dawson, Euan"]
[Result "1-0"]
[WhiteElo "2042"]
[BlackElo "1806"]
[PlyCount "39"]
[EventDate "2019.??.??"]

1. d4 d5 2. c4 dxc4 3. e4 Nc6 4. Nf3 Bg4 5. d5 Bxf3 6. gxf3 Ne5 7. Bf4 Nd3+ 8.
Bxd3 cxd3 9. Nc3 c6 10. Qxd3 Nf6 11. Rd1 Qd7 12. dxc6 bxc6 13. Qc4 Qb7 14. e5
Nh5 15. e6 fxe6 16. Be5 Qc8 17. Ne4 Nf6 18. Nc5 Nd5 19. Qg4 Kf7 20. Rg1 1-0

[Event "Glorney 2019"]
[Site "?"]
[Date "2019.07.22"]
[Round "2.5"]
[White "Mckay, Jonathan"]
[Black "Turner, Max N"]
[Result "0-1"]
[WhiteElo "1550"]
[BlackElo "2026"]
[PlyCount "74"]
[EventDate "2019.??.??"]

1. d4 d5 2. c4 e6 3. Nc3 Nf6 4. cxd5 exd5 5. Bg5 Be7 6. e3 c6 7. Bd3 Nbd7 8.
Qc2 O-O 9. Nf3 Re8 10. O-O h6 11. Bh4 Ne4 12. Bxe7 Qxe7 13. Rab1 a5 14. Rfc1
Ng5 15. Nd2 Nf6 16. a3 Qd6 17. b4 axb4 18. axb4 Bd7 19. Na4 Nge4 20. Nf1 b5 21.
Nb6 Ra6 22. Nxd7 Qxd7 23. Nd2 Nd6 24. Nb3 Qe7 25. Ra1 Rxa1 26. Rxa1 Nc4 27.
Bxc4 dxc4 28. Nc5 Qd6 29. h3 Nd7 30. Ra7 Nxc5 31. dxc5 Qd5 32. Qc3 Rd8 33. Rc7
Qd3 34. Qe1 c3 35. Ra7 c2 36. Ra1 Qd1 37. Kf1 Qxa1 0-1

[Event "Glorney 2019"]
[Site "?"]
[Date "2019.07.22"]
[Round "2.6"]
[White "Baselmans, Luuk"]
[Black "Melaugh, Shane"]
[Result "1-0"]
[WhiteElo "2212"]
[BlackElo "2126"]
[PlyCount "89"]
[EventDate "2019.??.??"]

1. e4 d6 2. d4 Nf6 3. Nc3 Nbd7 4. f4 e5 5. Nf3 exd4 6. Qxd4 c6 7. Be3 d5 8.
exd5 Bc5 9. Qd3 Qe7 10. Kd2 O-O 11. Re1 Bxe3+ 12. Qxe3 Qb4 13. Kc1 cxd5 14. Qd4
Qxd4 15. Nxd4 Nc5 16. g3 Nce4 17. Nxd5 Nxd5 18. Rxe4 Rd8 19. c3 Bd7 20. Bg2 Bc6
21. Nxc6 bxc6 22. Rd1 Kf8 23. Red4 Re8 24. Bxd5 cxd5 25. Rxd5 Re2 26. Rd8+ Rxd8
27. Rxd8+ Ke7 28. Rd2 Re1+ 29. Kc2 h5 30. b4 Ke6 31. a4 f6 32. b5 Kf5 33. a5
Ra1 34. a6 g5 35. fxg5 fxg5 36. Kb2 Re1 37. c4 h4 38. gxh4 gxh4 39. Kc3 h3 40.
c5 Re3+ 41. Rd3 Re5 42. Kc4 Kg4 43. b6 axb6 44. cxb6 Ra5 45. b7 1-0

[Event "Glorney 2019"]
[Site "?"]
[Date "2019.07.22"]
[Round "2.7"]
[White "Carroll, Peter"]
[Black "Hilwerda, Jonas"]
[Result "0-1"]
[WhiteElo "2032"]
[BlackElo "2275"]
[PlyCount "112"]
[EventDate "2019.??.??"]

1. d4 Nf6 2. Bf4 b6 3. Nf3 Bb7 4. e3 g6 5. h3 Bg7 6. Be2 O-O 7. O-O Ne4 8. a4
a5 9. Na3 d6 10. c3 Nd7 11. Qc2 e5 12. dxe5 dxe5 13. Bh2 Qe7 14. Nb5 Ndc5 15.
Rfd1 Kh8 16. Bc4 Ng5 17. Nxg5 Qxg5 18. Bf1 Bf3 19. Rd2 Be4 20. Qd1 Rad8 21.
Rxd8 Rxd8 22. Qg4 Qe7 23. Rd1 f5 24. Qe2 Nxa4 25. f3 Bc6 26. Qc2 Nc5 27. Na3
Ba4 28. Rxd8+ Qxd8 29. Qe2 Bd1 30. Qe1 Bb3 31. Bc4 Bxc4 32. Nxc4 Qd5 33. Qe2
Nd3 34. b3 a4 35. e4 fxe4 36. fxe4 Nc1 37. exd5 Nxe2+ 38. Kf2 Nxc3 39. bxa4
Nxa4 40. Nxe5 Nc3 41. d6 Ne4+ 42. Ke3 Nxd6 43. Nd7 b5 44. Nc5 Nf5+ 45. Kd3 c6
46. Ne6 Bf6 47. g4 Nh4 48. Bg3 Nf3 49. Ke3 Ng5 50. Nf4 Nf7 51. Ne6 Kg8 52. Nd4
Nd8 53. Bd6 Kf7 54. Ke4 Bxd4 55. Kxd4 Ke6 56. Bf4 Nb7 0-1